000 00431cam a2200181ua 4500
001 7217
008 141204n ii |||gr||||Z||||||asm
040 _cMAIN
041 _aasm
082 _a310
100 _aKakoty,H.,
_eAuthor.
245 1 _aParisankhya bijnan
_cBy Humeshwar Kakoty
250 _a1st.
260 _aCalcutta:
_bPurbodaya,
_c1972.
300 _a164p.
653 _aCollections of general statistics
942 _cBK
999 _c6342
_d6342